Movies Quiz

Random Movies or Blitz Quiz

Blitz: Name a Movie Sequel... Quiz Stats

 Plays Quiz Updated Jun 7, 2019

Score 0/20 Timer 05:00
2 Plays Today
Hint Answer % Correct
In the Twilight Saga [3] The Twilight Saga: New Moon
88.6%
Starring Ben Stiller as Greg Focker [2]Meet the Fockers...
82.3%
In the Pirates of the Caribbean universe by its subtitle [4]Dead Man's Chest...
78%
To The Hunger Games [3]Catching Fire...
77.1%
Starring Tom Hanks as Professor Robert Langdon [2]Angels & Demons...
75.3%
In the Marvel Cinematic Universe that has a number in its title [3]Iron Man 2...
73.9%
In the Harry Potter universe not directed by David Yates [3]Harry Potter and the Chamber of Secrets...
70.8%
To 1984's Terminator by its subtitle [5]Judgment Day...
69.1%
Which received a Best Picture nomination and is the third/fourth in its series [4]The Godfather, Part III...
69.1%
Starring Mel Gibson as Max Rockatansky [2]Mad Max Beyond Thunderdome...
63.9%
Hint Answer % Correct
Directed by Steven Spielberg [4]The Lost World: Jurassic Park
62.3%
In the Chronicles of Narnia series [2]The Chronicles of Narnia: Prince Caspian
61.5%
To The Hobbit: An Unexpected Journey [2]The Hobbit: The Desolation of Smaug
61.1%
Made by Pixar, without a number in its title [2]Monsters University...
60.3%
That grossed over 2 billion dollars worldwide [3]Star Wars: The Force Awakens...
55%
To the Fast and the Furious whose title doesn't use the word 'fast' [2]The Fate of the Furious...
54.1%
To the 1994 romance Before Sunrise [2]Before Sunset...
52.3%
To Transformers featuring Shia LaBeouf as Sam Witwicky [2]Transformers: Revenge of the Fallen...
47.3%
In the Dirty Harry series [4]Magnum Force...
42.1%
Made by Walt Disney Animation Studios [3]The Rescuers Down Under...
36.5%

You're not logged in!

Compare scores with friends on all Sporcle quizzes.
OR
Log In

Sporcle TV

Today on Sporcle TV


Watch our educational content, quiz creation guides, and fun videos on Sporcle TV.

Show Comments

Extras

Top Quizzes Today


Score Distribution

Your Account Isn't Verified!

In order to create a playlist on Sporcle, you need to verify the email address you used during registration. Go to your Sporcle Settings to finish the process.

Report this User

Report this user for behavior that violates our Community Guidelines.

Details: